Economic and Social Development - Building Society on the Foundations of Heritage and Culture Book of Proceedings : 125th esd Cakovec 2025
Saved in:
| Corporate Author: | |
|---|---|
| Other Authors: | , |
| Format: | Book |
| Language: | English |
| Published: |
Varazdin
Varazdin Development and Entrepreneurship Agency
2025
|
| Edition: | 1st Edition |
| Subjects: | |
| Tags: |
No Tags, Be the first to tag this record!
|
MARC
| LEADER | 00000nlm a2200000 4500 | ||
|---|---|---|---|
| 001 | 0312529 | ||
| 005 | 20251001094005.2 | ||
| 020 | |a 978-953-6125-32-6 | ||
| 041 | 0 | |a eng | |
| 044 | |a HR | ||
| 245 | 1 | 0 | |a Economic and Social Development - Building Society on the Foundations of Heritage and Culture |b Book of Proceedings : 125th esd Cakovec 2025 |c Review Committee / Recenzentski Odbor: Marina Klacmer Calopa, Ana Aleksic ...[et al.] |
| 250 | |a 1st Edition | ||
| 264 | 1 | |a Varazdin |b Varazdin Development and Entrepreneurship Agency |c 2025 | |
| 300 | |a 161 s. | ||
| 610 | 2 | 0 | |a rozvoj hospodársky |
| 610 | 2 | 0 | |a rozvoj sociálny |
| 610 | 2 | 0 | |a podnikanie |
| 610 | 2 | 0 | |a manažment |
| 610 | 2 | 0 | |a spoločnosť |
| 610 | 2 | 0 | |a štruktúra sociálna |
| 610 | 2 | 0 | |a dedičstvo kultúrne |
| 610 | 2 | 0 | |a kultúra |
| 700 | 1 | |a Klacmer Calopa, Marina | |
| 700 | 1 | |a Aleksić, Ana | |
| 110 | 2 | |a Economic and Social Development - Building Society on the Foundations of Heritage and Culture. Conference | |